LIBRARY & INFORMATION CENTRE, KCAET, TAVANUR

ONLINE PUBLIC ACCESS CATALOGUE (OPAC)

Minor spices and condiments crop management and post-harvest technology / (Record no. 4783)

MARC details
000 -LEADER
fixed length control field 00508cam a2200181ua 4500
041 ## - LANGUAGE CODE
Language code of text/sound track or separate title eng
082 ## - DEWEY DECIMAL CLASSIFICATION NUMBER
Classification number 633.83
Item number PRU/MI
100 ## - MAIN ENTRY--AUTHOR NAME
Personal name Pruthi, J .S.
245 ## - TITLE STATEMENT
Title Minor spices and condiments crop management and post-harvest technology /
260 ## - PUBLICATION, DISTRIBUTION, ETC. (IMPRINT)
Place of publication New Delhi :
Name of publisher Indian Agricultural Research Institute ,
Year of publication 2001.
300 ## - PHYSICAL DESCRIPTION
Number of Pages 782 ; .
500 ## - GENERAL NOTE
General note **Reference
942 ## - ADDED ENTRY ELEMENTS (KOHA)
Koha item type Books
Holdings
Withdrawn status Lost status Damaged status Home library Current library Date acquired Full call number Accession Number Koha item type Collection code Shelving location Source of acquisition Cost, normal purchase price
      KAUAET KAUAET 07/04/2012 633.83 20862 Books        
      KAUAET KAUAET 31/03/2012 633.83 PRU/MI 23111 Books Non-fiction General Stacks Dreamtech, Thiruvananthapuram 250.00
      KAUAET KAUAET 31/03/2012 633.83 PRU/MI 23112 Books Non-fiction General Stacks Dreamtech, Thiruvananthapuram 250.00
      KAUAET KAUAET 18/03/2014 633.83 PRU/MI 23572 Books        
      KAUAET KAUAET 25/03/2023 633.83 PRU/MI 26175 Books General Books General Stacks EEDEEYOU, Manjeri 250.00
free website counter